[Event "Poikovsky Karpov 05th"]
[Site "Poikovsky"]
[Date "2004.03.25"]
[Round "8"]
[White "Sokolov, Ivan"]
[Black "Onischuk, Alexander"]
[Result "1-0"]
[WhiteElo "2706"]
[BlackElo "2652"]
[Annotator "Dautov,R"]
[PlyCount "115"]
[EventDate "2004.03.17"]
[EventType "tourn"]
[EventRounds "9"]
[EventCountry "RUS"]
[EventCategory "18"]
[SourceTitle "CBM 100"]
[Source "ChessBase"]
[SourceDate "2004.06.01"]
[SourceVersion "1"]
[SourceVersionDate "2004.06.01"]
[SourceQuality "1"]

1. d4 Nf6 2. c4 e6 3. Nf3 d5 4. Nc3 Be7 5. Bf4 O-O 6. e3 c5 7. dxc5 Bxc5 8. Qc2
Nc6 9. Rd1 Qa5 10. Be2 $5 {Eine bemerkenswerte Idee, die erstaunlich selten in
der Praxis vorkam. Weiß beschleunigt seine Entwicklung indem er auf den
üblichen Zug a2-a3 verzichtet.} (10. a3 Be7 {/\Ne4} 11. Nd2 {ist die
theoretische Hauptvariante.}) 10... dxc4 {Eine logische Fortsetzung, denn der
weiße Läufer wird erneut ziehen müssen. In Frage kam 10...Bb4!?} (10... Nb4 11.
Qb3 dxc4 (11... Ne4 12. O-O Nxc3 13. Qxc3 $14) 12. Bxc4 Nbd5 13. Be5 a6 14. O-O
Nxc3 15. Bxc3 $14 {Korobkov,P-Severgin,V/Voronezh 2001}) (10... Ne4 11. cxd5
exd5 12. Rxd5 $14) (10... Bb4 $5 11. O-O Bxc3 12. bxc3 Ne4 $5 (12... Qc5 $5))
11. Bxc4 b6 $2 {Mit der Idee 12...Ba6. Der Zug ist riskant, denn die schwarze
Dame wird eingeklemmt. Solider war 11...Be7.} (11... a6 12. Nd2 $5 (12. O-O $5)
12... Be7 13. Nb3 Qh5 14. Be2 Nb4 15. Qb1 Qg6 16. Qxg6 hxg6 17. Bd6 Re8 18. Bf3
$14 {Portisch,L-Ostojic,P/Monte Carlo 1969}) (11... Be7 12. O-O e5 13. Bg5 Bg4
14. Bxf6 Bxf6 15. Ne4 Qb4 16. Nxf6+ gxf6 17. a3 Qb6 18. Rd6 $14 {Dgebuadze,
A-Kruppa,Y/Ubeda 1998}) 12. O-O {12.a3! versprach Weiß Materialgewinn,
allerdings auf Kosten der Sicherheit des weißen Königs. Es ist nicht leicht,
am Brett die Verwicklungen einzuschätzen, deswegen ist Sokolovs Entscheidung
verständlich.} (12. a3 $1 Ba6 (12... Be7 13. Bb5 Bb7 14. Nd2 $16) 13. Bxa6 Qxa6
14. b4 Nxb4 15. axb4 Bxb4 16. Bd6 Bxd6 (16... Ba5 17. Bxf8 Rxf8 18. Nd4 Nd5 19.
Nde2 Nxc3 20. Nxc3 Qc4 21. Rd3 $18) 17. Rxd6 Rfc8 18. Qa2 $1 Qxa2 19. Nxa2 Ne4
20. Rd4 $16) 12... Ba6 13. Bxa6 Qxa6 14. Ne4 Ne7 $2 {Onischuk sollte sich wohl
oder übel auf das gefährlich aussehende, aber spielbare 14...Nxe4 einlassen,
der Textzug führt forciert zum Bauernverlust.} (14... Nd5 15. Nxc5 bxc5 16. Ng5
g6 17. Qxc5 $16) (14... Nxe4 $1 15. Qxe4 Rac8 16. Ng5 g6 17. Rd7 $1 (17. Bd6
Bxd6 18. Rxd6 Qb5 19. Qh4 h5 20. b3 Rcd8 $11) 17... Be7 $1 (17... Qxa2 18. Bc7
Ne7 19. Qh4 h5 20. Ne4 $16) 18. Nxe6 $1 fxe6 19. Qxe6+ Rf7 20. Bc7 Qb7 (20...
Qb5 21. Rd5 Qxd5 22. Qxd5 Rxc7 $13) 21. Bd6 Qa8 22. Bxe7 Re8 23. Rc7 Nxe7 24.
Rd1 $44) 15. Nxf6+ gxf6 16. Qc3 $16 e5 (16... Nd5 $2 17. Rxd5 exd5 18. Qxf6 $18
) 17. Bh6 Rfd8 (17... Rfc8 18. Nxe5 $1 Bd6 19. Qd3 $16) 18. Nxe5 $1 Rxd1 19.
Rxd1 Qa4 20. b3 Qh4 21. Nd7 Qxh6 22. b4 Bxe3 23. Nxf6+ Kh8 24. Ng4+ {Die weiße
Königsstellung ist sicherer, weswegen Sokolov die Damen auf dem Brett behalten
sollte. Vorzuziehen war 24.fxe3.} (24. fxe3 $1 Qg7 25. e4 $16) 24... Qg7 25.
Qxg7+ Kxg7 26. Nxe3 b5 27. g4 $2 {Dieser hastige Zug gibt Schwarz die
Möglichkeit, das Material zu reduzieren. Besser war 27.g3.} (27. g3 a5 28. bxa5
Rxa5 29. Rd2 $16) 27... a5 28. bxa5 Rxa5 29. Rd2 h5 $1 30. Rd7 (30. gxh5 b4 31.
Rd4 Rxa2 32. Rxb4 Ra5 33. Rb7 Nf5 $14) 30... Ng6 31. gxh5 Nh4 32. h6+ Kxh6 33.
Rxf7 Rxa2 $14 {Nun hat Onischuk gute Rettungschancen, die er im Folgenden
nicht nutzen kann.} 34. h3 Kg6 (34... Rb2 $142 $1 $14 {/\b4-b3}) 35. Rf4 Ra4
36. Rf8 Kg5 37. Kh2 Rf4 38. Rg8+ Kh5 39. Ng4 b4 40. Rb8 Nf5 41. Rb5 Kg6 42. Kg2
Re4 (42... Kg7 43. Ne5 Nd6 44. Rb8 $16) 43. Ne5+ Kf6 44. Nd7+ Ke7 45. Nb8 Kf6
46. Nc6 $18 Nh4+ 47. Kh2 Re2 48. Rxb4 Kg5 49. Rg4+ Kh5 50. Rf4 Kg5 51. Rf7 Re4
52. Rg7+ Kh5 53. Re7 Rf4 54. Re5+ Kg6 55. Re2 Kg5 56. Nd8 Kf5 57. Ne6 Rb4 58.
Kg3 1-0

[Event "Clichy"]
[Site "Clichy"]
[Date "2001.07.03"]
[Round "9"]
[White "Tregubov, Pavel V"]
[Black "Renet, Olivier"]
[Result "1/2-1/2"]
[WhiteElo "2628"]
[BlackElo "2494"]
[Annotator "Dautov,R"]
[PlyCount "53"]
[EventDate "2001.06.25"]
[EventType "tourn"]
[EventRounds "9"]
[EventCountry "FRA"]
[EventCategory "14"]
[SourceTitle "CBM 085"]
[Source "ChessBase"]
[SourceDate "2001.11.13"]
[SourceVersion "1"]
[SourceVersionDate "2001.11.13"]
[SourceQuality "1"]

1. d4 d5 2. c4 e6 3. Nf3 Nf6 4. Nc3 Be7 5. Bf4 O-O 6. e3 c5 7. dxc5 Bxc5 8.
cxd5 exd5 9. Be2 Nc6 10. O-O Be6 11. Rc1 Rc8 12. Bg5 {Ein natürlicher Versuch
- die Fesselung erzwingt 12...Be7, und der Vorstoß d5-d4 wird erschwert.
Andererseits bekommt Schwarz die Möglichkeit, sich mittels Nf6-e4 zu entlasten.
Die anderen logischen Züge sind 12.a3, 12.Nb5 und 12.Qa4.} Be7 13. a3 {Mit
diesem Zug bereitet sich Weiß auf den Ausfall der schwarzen Dame vor,
vernachlässigt aber die andere gegnerische Möglichkeit.} (13. Qa4 h6 14. Bh4
Qb6 15. Qb5 Qxb5 16. Nxb5 g5 17. Bg3 Ne4 18. Nfd4 Nxd4 19. Nxd4 Nxg3 20. hxg3
Rxc1 21. Rxc1 Rc8 $11 {Mititelu,G-Grabczewski,R/Warsaw 1961}) (13. Nd4 a6 (
13... Qb6 $5) 14. Na4 Ne5 15. Nb3 $6 Nc4 16. Qd4 h6 17. Bh4 g5 18. Bg3 Ne4 $132
{Komarov,D-Khenkin,I/Borzhomi 1988}) (13. Nb5 $5) 13... h6 (13... Qa5 14. Na4
Ne4 15. b4 Qd8 16. Bxe7 Nxe7 17. Nd4 Bd7 18. Nc5 Nxc5 19. bxc5 Qa5 20. Qb3 b6
21. cxb6 axb6 $14 {Petrosian,T-Filip,M/Buenos Aires 1964}) 14. Bh4 Ne4 $1 15.
Bxe7 Nxe7 16. Qd4 $146 {Eine Neuerung, die sich als recht harmlos erweist.} (
16. Nxe4 dxe4 17. Nd4 Bd5 18. Rxc8 Qxc8 19. Qd2 Rd8 20. Rc1 Qb8 21. h3 Nc6 22.
Nxc6 Bxc6 23. Qc3 Rd5 24. Bc4 Rd7 25. b4 Qd8 26. Qe5 {, und Weiß hatte einen
leichten Druck in der Partie Gligoric,S-Spassky,B/Hastings 1965.}) 16... Nc6
17. Qd3 Qf6 $1 (17... Qb6 18. Qb5 $14) 18. Nxd5 {Dieser Abtausch führt zu
gleichem Spiel, aber es fällt mir schwer, etwas Besseres vorzuschlagen.} (18.
Rc2 Nd6 $1 (18... Rfd8 $5 19. Rfc1 Nc5 20. Qb5 b6 $132) 19. Rcc1 (19. Nxd5 $2
Bxd5 20. Qxd5 Nb4 $19) 19... Ne4) (18. Qb5 Nd6 19. Qa4 Nc4 $132) 18... Bxd5 19.
Qxd5 Qxb2 20. Qxe4 (20. Bc4 Nf6 21. Qb5 Qxb5 22. Bxb5 Rfd8 $11) 20... Qxe2 $11
21. Qa4 Rfd8 22. h3 Qa2 23. Rfd1 Qe6 24. Qb5 Qe7 25. a4 Rc7 26. Rxd8+ Qxd8 27.
Qc5 1/2-1/2

[Event "Sigeman & Co 12th"]
[Site "Malmo/Copenhagen"]
[Date "2004.05.01"]
[Round "2"]
[White "Nielsen, Peter Heine"]
[Black "Beliavsky, Alexander G"]
[Result "1-0"]
[WhiteElo "2628"]
[BlackElo "2667"]
[Annotator "Dautov,R"]
[PlyCount "111"]
[EventDate "2004.04.30"]
[EventType "tourn"]
[EventRounds "9"]
[EventCountry "SWE"]
[EventCategory "13"]
[SourceTitle "CBM 101"]
[Source "ChessBase"]
[SourceDate "2004.07.27"]
[SourceVersion "1"]
[SourceVersionDate "2004.07.27"]
[SourceQuality "1"]

1. Nf3 Nf6 2. c4 e6 3. Nc3 d5 4. d4 Be7 5. Bf4 O-O 6. e3 c5 7. dxc5 Bxc5 8. a3
Nc6 9. Rc1 d4 $6 {Möglicherweise wird Schwarz nach der dieser Partie zu 10...
a6 greifen müssen, denn Nielsen hat eine wichtige Neuerung parat.} (9... a6)
10. exd4 Nxd4 11. b4 $1 (11. Be2 Qe7 12. b4 Rd8 13. Bd2 Bb6 $1 14. Nxd4 Bxd4
15. Qc2 b6 16. O-O Bb7 17. Rcd1 Bc6 $1 $11 {Epishin,V-Beliavsky,A/Deutschland
1999}) 11... Nxf3+ 12. Qxf3 Bd4 (12... e5 13. Bg5 Be7 14. Rd1 Qe8 15. Bxf6 Bxf6
16. Bd3 Bd8 17. Be4 Rb8 18. Qe3 b6 19. Qd3 Bg4 {Gausel,E-Ostenstad,B/Oslo 1998}
20. Bxh7+ $1 Kh8 21. Bf5 $16) 13. Nb5 $1 $146 {Die besagte Neuerung. Weiß will
den starken Bd4 sofort abtauschen.} (13. Be2 e5 14. Bg5 h6 15. Bxf6 Qxf6 16.
Qxf6 gxf6 17. O-O (17. Nb5 Rd8 18. c5 a5 19. Nxd4 exd4 20. Bd3 axb4 21. axb4
Ra2 22. O-O Be6 23. f3 f5 $11 {Zlochevskij,A-Kruppa,Y/Ohrid 2001}) 17... a5 18.
Bf3 axb4 19. axb4 Kg7 20. Rfd1 Rd8 21. c5 Bd7 $11 {Kobalija,M-Neverov,V/Dubai
2001}) 13... e5 14. Bg5 e4 {Läßt den Läufer ohne ausreichenden Schutz, aber es
fällt mir schwer, etwas Besseres vorzuschlagen.} (14... a5 15. Bxf6 Qxf6 16.
Qxf6 gxf6 17. Nxd4 exd4 18. b5 Be6 19. Kd2 $16 {führt zu einem klaren
Endspielvorteil von Weiß.}) ({Auch das trickreiche 14...Qd7 kann die Probleme
von Schwarz nicht lösen:} 14... Qd7 15. Be2 (15. Bxf6 $2 e4 $11) (15. Nxd4 exd4
16. Bxf6 Re8+ 17. Kd2 gxf6 18. Bd3 Qa4 19. Rhe1 Be6 $14) 15... Ng4 16. Nxd4
exd4 17. O-O Ne5 18. Qg3 $16) 15. Qg3 h6 (15... a6 16. Nxd4 Qxd4 17. Be2 a5 (
17... Qb2 18. Qc3 Qxc3+ 19. Rxc3 $16) 18. O-O axb4 19. axb4 Qb2 20. Rfe1 $16)
16. Rd1 $1 ({Selbstverständlich nicht} 16. Bxh6 $2 Bxf2+ $1 17. Qxf2 Ng4 18.
Qg3 Nxh6 $13) 16... hxg5 17. Rxd4 Bd7 18. Be2 (18. Qxg5 $2 a5 $132) 18... a5
19. O-O axb4 20. axb4 $16 {Weiß hat seine Entwicklung rechtzeitig beendet und
genießt einen klaren Vorteil. Die Bauern e4 und g5 sind schwach, und auf dem
Damenflügel wird bald ein weißer Freibauer entstehen.} Ra2 21. Qb3 $1 Qa8 (
21... Rxe2 22. Nc3 Ba4 23. Rxd8 Bxb3 24. Rxf8+ Kxf8 25. Nxe2 Bxc4 26. Re1 $16)
22. Nc3 Ra3 23. Qb2 Re8 24. Rfd1 Bf5 25. Qc1 e3 $5 {Beliavsky sucht nach
Gegenspiel, bevor seine Stellung nach und nach zerdrückt wird.} 26. fxe3 Rb3
27. Rf1 Bg6 28. c5 Qa3 29. Qxa3 Rxa3 30. Nb5 $1 {Nielsen gibt den Bauern gerne
zurück und stürzt sich auf die Schwäche b7.} Raxe3 31. Bf3 Ne4 (31... Be4 32.
Nd6 $18) (31... R8e7 32. Nd6 $18) 32. Rd7 Rb3 33. Rxb7 Rxb4 34. c6 $18 {
Schwarz kann diesen Bauern nur mit großen materiellen Verlusten aufhalten. Die
Partie ist entschieden.} Nc5 35. Nd6 $1 Nxb7 36. Nxe8 Na5 37. c7 Rc4 38. Ra1
Kf8 39. Nd6 Rxc7 40. Rxa5 Ke7 41. Nf5+ Bxf5 42. Rxf5 f6 43. Rb5 Rc1+ 44. Kf2 g6
45. Rb7+ Kf8 46. Ke3 Kg8 47. Bd5+ Kh8 48. Kd4 g4 49. Rf7 Rf1 50. Kc5 f5 51. Kd6
f4 52. Ke5 f3 53. g3 Rd1 54. Be6 Re1+ 55. Kd6 Rd1+ 56. Kc5 1-0

[Event "St Petersburg-ch"]
[Site "St Petersburg"]
[Date "2001.04.17"]
[Round "7"]
[White "Ivanov, Sergey"]
[Black "Karasev, Vladimir I"]
[Result "1/2-1/2"]
[WhiteElo "2547"]
[BlackElo "2420"]
[Annotator "Dautov,R"]
[PlyCount "135"]
[EventDate "2001.04.10"]
[EventType "tourn"]
[EventRounds "11"]
[EventCountry "RUS"]
[EventCategory "9"]
[SourceTitle "CBM 083"]
[Source "ChessBase"]
[SourceDate "2001.07.05"]
[SourceVersion "1"]
[SourceVersionDate "2001.07.05"]
[SourceQuality "1"]

1. d4 d5 2. c4 e6 3. Nc3 Be7 4. Nf3 Nf6 5. Bf4 O-O 6. e3 c5 7. dxc5 Bxc5 8.
cxd5 Nxd5 9. Nxd5 exd5 10. a3 Nc6 11. Bd3 Bd6 12. Qa4 Qf6 $146 {Eine Neuerung.
Schwarz investiert ein Tempo, um den Läuferabtausch zu erzwingen.} (12... h6
13. O-O Be6 14. Rad1 Rc8 15. Rd2 Bxf4 16. Qxf4 g5 17. Qa4 Qa5 18. Qd1 Rfd8 19.
h3 d4 20. Nxd4 Nxd4 21. exd4 Bb3 $11 {Dreev,A-Short,N/Beijing 2000}) (12...
Bxf4 13. Qxf4 d4 14. Nxd4 Qa5+ 15. Ke2 Nxd4+ 16. Qxd4 Rd8 17. Qb4 Qg5 18. Rhd1
Bg4+ 19. f3 Bf5 20. Bxf5 Qxg2+ $11 {Gavrikov,V-Beliavsky,A/Kiev 1986}) 13. Bxd6
Qxd6 14. O-O Qf6 15. Qb5 $14 {Die weiße Dame steht sehr aktiv auf der b-Linie,
durch den Druck gegen b7 wird die gegnerische Entwicklung erschwert.} (15. Qb3
$5 Rd8 16. Rac1 Rb8 (16... d4 17. Be4 dxe3 18. fxe3 $40) 17. Rfd1 Bg4 18. Be2
$14 {führte mit Zugumstellung zu der Partie Sokolov,A-Mozny,M/BL 1993}) 15...
Rd8 ({Ungesund wäre} 15... d4 $2 16. Nxd4 Nxd4 17. exd4 Qxd4 18. Rfd1 $16 {
, und der schwarze Entwicklungsnachteil ist gravierend.}) 16. Rad1 ({Besser
gefällt mir} 16. Rac1 {/\Rfd1 , z.B,} d4 $2 17. Nxd4 Nxd4 18. exd4 Qxd4 19.
Rfd1 Qf6 20. Be4 Rxd1+ 21. Rxd1 $16) 16... a6 $1 17. Qb6 Bg4 18. Be2 d4 $2 {
Schwarz läßt sich auf eine taktische Abwicklung ein und verliert dabei einen
Bauern.} ({Mit} 18... Rd6 $1 {/\Bf3,Ne5 konnte er die Stellung ausgleichen.}
19. Qxb7 Rb8 20. Qc7 Rc8 21. Qb7 Rb8 $11) 19. Qxb7 (19. exd4 $4 Nxd4 $19) 19...
Rdb8 20. Qc7 Rxb2 21. Nxd4 Bxe2 (21... Rc8 22. Qg3 Bxe2 23. Nxe2 $16 Rxe2 $2
24. Qg4 $18) (21... Nxd4 22. Bxg4 $16) 22. Nxe2 Rxe2 23. Rd6 Qc3 24. Qb7 $1 ({
Remisträchtig ist} 24. Qxc6 Qxc6 25. Rxc6 Ra2 26. Rc3 g6 $14 {/\Rb8-b2}) 24...
Rf8 25. Rxc6 Qxa3 26. Rxa6 Qc3 27. g3 g6 28. h4 h5 29. Qd5 $16 {Die weißen
Gewinnaussichten konnte man auf etwa 50:50 beziffern. In der Folge gelingt es
Schwarz, durch zähe Verteidigung Remis zu halten.} Kg7 30. Rc6 Qb2 31. Qe4 Rd2
32. Rb1 Re8 33. Rxb2 Rd1+ 34. Kg2 Rxe4 35. Rb7 Rd5 36. Kf3 Re8 37. e4 Rde5 38.
Rcc7 Rf8 39. Kf4 Ra5 40. e5 Ra4+ 41. Kf3 Kg8 42. Kg2 Re4 43. Re7 Re1 44. Ra7
Re4 45. Kf1 Kg7 46. f3 Re3 47. Kf2 Rb3 48. e6 Kf6 49. exf7 Kg7 50. Kg2 Rb2+ 51.
Kh3 Rb3 52. Re6 Rxf3 53. Raa6 Kxf7 54. Rxg6 Rf5 55. Rh6 Kg7 56. Rag6+ Kf7 57.
g4 Rf3+ 58. Kg2 hxg4 59. h5 Ke7 60. Rxg4 Rf2+ 61. Kg3 R8f3+ 62. Kh4 Rf4 63.
Rhg6 Rh2+ 64. Kg5 Rxg4+ 65. Kxg4 Kf7 66. Kg5 Rf2 67. Kh6 Rf5 68. Rg7+ 1/2-1/2

[Event "Enghien les Bains 4th"]
[Site "Enghien les Bains"]
[Date "2001.04.17"]
[Round "6"]
[White "Akopian, Vladimir Eduardovic"]
[Black "Bologan, Viktor"]
[Result "1-0"]
[WhiteElo "2654"]
[BlackElo "2676"]
[Annotator "Dautov,R"]
[PlyCount "81"]
[EventDate "2001.04.11"]
[EventType "tourn"]
[EventRounds "9"]
[EventCountry "FRA"]
[EventCategory "17"]
[SourceTitle "CBM 083"]
[Source "ChessBase"]
[SourceDate "2001.07.05"]
[SourceVersion "1"]
[SourceVersionDate "2001.07.05"]
[SourceQuality "1"]

1. d4 Nf6 2. Nf3 e6 3. c4 d5 4. Nc3 Be7 5. Qc2 {Die Hauptidee dieses etwas
merkwürdig anmutenden Zuges ist der Übergang in die Abtauschvariante nach 5...
0-0 6.cxd5 exd5 7.Bg5.} ({Bekannterweise ergibt} 5. cxd5 exd5 6. Bg5 c6 7. Qc2
g6 $1 8. e3 Bf5 $11 {eine für Schwarz sehr günstige Version der
Abtauschvariante.}) 5... dxc4 6. e4 ({Das bescheidene} 6. e3 a6 7. a4 c5 {
wird von Weißspielern selten versucht.}) 6... Nc6 7. e5 Nb4 8. Qb1 Nfd5 9. Bxc4
Nxc3 $6 {Ein seltener Zug. Schwarz verhilft dem Gegner zur Befestigung seines
Bauernzentrums.} ({Einen soliden Eindruck hinterläßt der schwarze Aufbau nach} 
9... Nb6 10. Be2 Bd7 11. O-O Bc6 12. a3 N4d5 13. Ne4 Qd7 $1 (13... a6 14. Re1
h6 15. Bd2 Qd7 16. Qc2 Bb5 17. Bd1 Bc6 18. Rc1 Rd8 19. Qb1 Kf8 20. h4 $16 {
Ehlvest-Jussupow/Wien 1996}) 14. Re1 Bb5 15. Bd1 a5 16. Ng3 h6 17. h4 a4 18.
Qe4 O-O-O 19. h5 $13 {1/2-1/2 Khenkin,I-Jussupow,A/BL 1999}) ({Ebenfalls
besser als der Textzug sieht eine weitere Alternative aus:} 9... c5 10. dxc5
Qa5 11. O-O Qxc5 12. Qe4 (12. Nxd5 Nxd5 13. Qe4 Bd7 14. Qg4 $5) 12... Nxc3 13.
bxc3 Nd5 14. Qg4 g6 15. Bg5 Bxg5 (15... Bd7 $142) 16. Nxg5 Nb6 17. Qf4 O-O 18.
Bb3 Nd7 19. Rfe1 h6 20. Nf3 Kg7 21. h4 Qe7 22. Rad1 Nc5 23. h5 $40 {Ivanov,
S-Berg,E/Stockholm 2000}) 10. bxc3 Nd5 11. Bd2 c5 12. O-O ({Stärker ist
wahrscheinlich} 12. Qe4 $5 Bd7 13. O-O Bc6 14. Qg4 $14 {, z.B} g6 15. a4 Qc7
16. Ng5 a6 17. Rfe1 Rd8 18. Qf3 Bxg5 19. Bxg5 Rd7 20. dxc5 $16 {Georgiev,
K-Zvjaginsev,V/Poikovsky2001}) 12... Qc7 $1 {Schwarz verhindert die weiße
Batterie Qe4+Bd3 und bereitet die lange Rochade vor.} (12... cxd4 13. cxd4 O-O
14. Qe4 Bd7 15. h4 (15. Bd3 $14) 15... Bc6 16. Ng5 $6 Bxg5 17. Bxg5 Qd7 18. Qg4
Kh8 $11 {Lazarev,V-Korneev,O/Werfen 1993}) 13. Bd3 Bd7 $2 {Ein dubioser Zug.} (
13... h6 $142 $13) 14. Bxh7 c4 $1 {Lieber ein Bauernopfer als ein heftiger
gegnerischer Angriff!} (14... cxd4 15. cxd4 g6 16. Bxg6 fxg6 17. Qxg6+ Kd8 18.
Ng5 $16) (14... g6 15. Bxg6 fxg6 16. Qxg6+ Kd8 17. c4 (17. Bg5 $5) (17. Ng5 $5)
17... Nb6 18. Bg5 $40) 15. Be4 Bc6 16. Bxd5 {Weiß strebt ein Endspiel an und
tauscht dafür seinen starken Läufer ab.} (16. Qc2 $5 $16) 16... Bxd5 17. Qb5+
Qd7 18. a4 a6 19. Qxd7+ Kxd7 20. a5 $14 b5 21. axb6 Rhb8 22. Rfb1 Kc6 23. Ng5
f6 24. exf6 gxf6 25. Nh3 a5 26. Nf4 a4 27. h4 $16 {Im Laufe der letzten Züge
hat Weiß seinen Vorteil vergrößert.} Rxb6 28. Rxb6+ Kxb6 29. h5 a3 30. h6 Be4 (
30... Bd6 31. f3 Bxf4 32. Bxf4 $16) 31. f3 Bh7 32. Nxe6 a2 33. d5 Bb1 34. Be3+
Ka5 35. Bc5 $1 Bxc5+ 36. Nxc5 $18 f5 37. Ne6 Kb6 38. g4 fxg4 39. fxg4 Rg8 40.
g5 Bf5 41. Rxa2 1-0

[Event "Olympiad-36"]
[Site "Mallorca"]
[Date "2004.10.18"]
[Round "4"]
[White "Moiseenko, Alexander"]
[Black "Zvjaginsev, Vadim"]
[Result "1/2-1/2"]
[WhiteElo "2653"]
[BlackElo "2650"]
[Annotator "Dautov,R"]
[PlyCount "53"]
[EventDate "2004.10.15"]
[EventType "team-swiss"]
[EventRounds "14"]
[EventCountry "ESP"]
[SourceTitle "CBM 104"]
[Source "ChessBase"]
[SourceDate "2005.01.27"]
[SourceVersion "1"]
[SourceVersionDate "2005.01.27"]
[SourceQuality "1"]
[WhiteTeam "Ukraine"]
[BlackTeam "Russia"]
[WhiteTeamCountry "UKR"]
[BlackTeamCountry "RUS"]

1. d4 Nf6 2. c4 e6 3. Nf3 d5 4. Nc3 Be7 5. Bf4 O-O 6. e3 Nbd7 7. a3 c5 8. cxd5
Nxd5 9. Nxd5 exd5 10. dxc5 Nxc5 11. Be2 Bf5 $146 {V. Zvjaginsev ist bekannt
für seine originellen theoretischen Ideen. Auch hier bringt er eine
interessante Neuerung. Bisher wurde meistens 11...Bg4 gespielt, und Schwarz
mußte hart um den Ausgleich kämpfen.} (11... Bg4 12. Be5 Bf6 13. Bxf6 Qxf6 14.
Qd4 Qxd4 15. Nxd4 Bxe2 16. Kxe2 Rfc8 17. Rac1 Ne6 18. Nf5 Kf8 19. Rhd1 g6 20.
Nd6 $14 {Ponomariov,R-Vallejo Pons,F/Leon (m) 2003}) (11... Bf6 12. Be5 Bxe5
13. Nxe5 Be6 14. Nf3 Qb6 15. Qd4 Nb3 16. Qxb6 axb6 17. Rd1 Rfc8 18. Bd3 $14 {
Gurevich,M-Golod,V/Cappelle la Grande 1999}) (11... a5 $5 12. O-O a4 13. Rc1
Bf5 14. Bg5 Nb3 15. Bxe7 Qxe7 16. Rc3 Be4 17. Nd4 Nc5 18. Qd2 Kh8 19. Rcc1 b6
$11 {Kallai,G-Kasimdzhanov,R/Belfort 2004}) 12. Nd4 (12. Be5 $5) 12... Be4 {
Das ist die Idee des Zuges 11...Bf5, der schwarze Läufer hat eine schöne
Position eingenommen. Seine Vertreibung mittels f2-f3 würde den Bauern e3
empfindlich schwächen.} 13. O-O Bf6 14. Rc1 Qb6 15. b4 {Praktisch erzwungen,
denn sonst sichert Schwarz die Position seines Springers mit 15...a5 ab.} (15.
Rc3 $6 a5 (15... Bxd4 16. Qxd4 Qxb2 17. Bg4 Na4 18. Rc7 Qxd4 19. exd4 $44) 16.
a4 Rac8 $11 17. f3 $6 Bg6 $15) 15... Bxd4 $1 16. exd4 (16. Qxd4 $2 Qg6 17. f3
Nb3 $17 {kostet Weiß die Qualität.}) 16... Ne6 17. Be3 Rfc8 $11 {In der
entstandenen Stellung kann Weiß die Stärke seines Läuferpaares nicht zur
Geltung bringen, da das Zentrum durch die Bauern d4 und d5 geschlossen ist,
und der schwarze Springer hervorragend postiert ist.} 18. Qd2 Qd8 $1 {Die
schwarze Dame hat ihre Aufgabe auf dem Damenflügel erfüllt und wird nun den
gegnerischen König ins Visier nehmen.} 19. Bg4 (19. Rxc8 Rxc8 20. Rc1 h6 $11)
19... Qf6 $1 20. Rxc8+ Rxc8 21. Rc1 Rxc1+ 22. Qxc1 h6 23. Qc8+ Kh7 {Weiß hat
das Geschehen forciert, erreichte aber nichts. Die konsequente Fortsetzung 24.
Qxb7 wäre für ihn zu riskant, so beschließt er, lieber ins Remis abzuwickeln.}
24. Bxe6 (24. Qxb7 Nxd4 25. Qxa7 Nc2 $1 26. h4 $8 (26. h3 $2 Qa1+ 27. Kh2 Qf1
28. f3 Ne1 $19) 26... Qa1+ 27. Kh2 Qe5+ 28. Kg1 $11 (28. g3 $6 f5 29. Bh3 Ne1
$40)) (24. Qc3 $6 Qg6 25. f3 Bf5 26. Bxf5 Qxf5 $15) 24... Qxe6 25. Qxe6 fxe6
26. f3 Bd3 27. Kf2 1/2-1/2